| 000 | 01140nam a2200301 4500 | ||
|---|---|---|---|
| 001 | 0000020584 | ||
| 003 | CO-CtgCURN | ||
| 005 | 20250508160325.0 | ||
| 008 | 160627s2000 000 0 eng d | ||
| 020 | _a9706136584 | ||
| 040 |
_aCO-CtgCURN _bspa _ccoctgcurn |
||
| 082 | 0 |
_a338.8 _bA48L |
|
| 100 | 1 | _aAguilar Alvarez de Alba, Javier B. | |
| 245 | 1 | 3 |
_aLa libre competencia / _cJavier B. Aguilar Alvarez de Alba. |
| 260 |
_aMexico : _bOxford, _c2000. |
||
| 300 | _a356 p. | ||
| 336 | _2rdacontent | ||
| 337 |
_2rdamedia _asin mediacion _bn |
||
| 338 |
_2rdacarrier _avolumen _bnc |
||
| 490 | 1 | _aColección textos jurÃdicos universitarios | |
| 500 | _aIncluye indice. | ||
| 504 | _aBibliografia (p. 347-348) | ||
| 505 | 8 | _aLa prohibicion de monopilios libres concurrencia.--Reglamentacion del articulo 28 constitucional.--Prohibicion de practicas monopolicas.--Derecho internacional de la competencia.--Legislacion en materia de competencia economica | |
| 650 | 0 | _aDerecho y economia. | |
| 908 | _a160627 | ||
| 942 |
_cBK _h338.8 _iA48L _2ddc _n0 |
||
| 999 |
_c18562 _d18562 |
||